| 000 | 00601nam a2200205Ia 4500 | ||
|---|---|---|---|
| 008 | 220214s9999 xx 000 0 und d | ||
| 100 | _aChang Young-Wook | ||
| 245 | 0 | _aEffects of trans-polyoctylene rubber (TOR) on the properties of NR/EPDM blends | |
| 260 |
_bJournal of Applied Polymer Science _c1999 |
||
| 300 | _a749-756 | ||
| 650 | _aCompatibility | ||
| 650 | _aNR/EPDM blends | ||
| 650 | _aOzone resistnace | ||
| 650 | _aPhase morphology | ||
| 650 | _atrans-polyctylene rubber (TOR) | ||
| 700 | _aChun Hyunaee | ||
| 700 | _aNah Changwoon | ||
| 700 | _aShin Young-Shik | ||
| 942 | _cRE | ||
| 999 |
_c45544 _d45544 |
||